All Brazil's Premier League Players Ever - Statistics

General Stats
  • This quiz has been taken 133 times
    37 since last reset
  • The average score is 56 of 125
Answer Stats
# Year Team(s) Player % Correct
276 2013–22 Manchester City Fernandinho
100%
229 2016– Manchester City, Arsenal Gabriel Jesus
97%
327 2013-21, 2022– Chelsea, Arsenal, Fulham Willian
97%
213 2011-14, 2016-21 Chelsea, Arsenal David Luiz
94%
264 2017– Manchester City Ederson
94%
256 2015–23 Liverpool Roberto Firmino
94%
175 2019–24 Aston Villa Douglas Luiz
91%
48 2008–11 Manchester City, Everton
91%
243 2017– Watford, Everton, Tottenham Richarlison
91%
229 2018– Liverpool Alisson Becker
88%
160 2020– Arsenal Gabriel Magalhães
88%
161 2019– Arsenal Gabriel Martinelli
88%
185 2019– Newcastle United Joelinton
84%
113 2020–24 Chelsea Thiago Silva
84%
124 2021– Newcastle United Bruno Guimarães
81%
151 2018–23 Liverpool Fabinho
81%
170 2002–08 Arsenal Gilberto Silva
81%
105 2007–15 Manchester United Anderson
78%
1 2006–07 Everton Anderson Silva
78%
63 2018–21 West Ham Felipe Anderson
78%
195 2008-11, 2015-18 Tottenham, Watford Heurelho Gomes
78%
81 2022– Wolves João Gomes
78%
82 2022– Wolves Matheus Cunha
78%
139 2018–23 Manchester United Fred
75%
77 2022– Manchester United Casemiro
72%
193 2012-18, 2021-24 Liverpool, Aston Villa Philippe Coutinho
72%
89 2019–20, 2021–22, 2023– Watford, Brighton João Pedro
69%
247 2007–17 Liverpool Lucas Leiva
69%
131 2012–17 Chelsea Oscar
69%
159 2010–16 Chelsea Ramires
69%
62 2022– Manchester United Antony
66%
64 2014–17 Manchester City Fernando
66%
86 2007–12 Chelsea Alex
63%
148 2014-16, 2018-20, 2022- Manchester United, Fulham Andreas Pereira
63%
80 2009–14, 2016–17 Manchester United, QPR, Cardiff City, Middlesbrough Fábio
63%
92 2022– West Ham Lucas Paquetá
63%
33 2020–21 West Bromwich Albion Matheus Pereira
63%
68 2023– Nottingham Forest Murillo
63%
109 2008–15 Manchester United Rafael
63%
41 2008–10 Manchester City Robinho
63%
8 2024– Brentford Igor Thiago
59%
125 1995–97, 1999–2000, 2002–04 Middlesbrough Juninho Paulista
59%
152 2017–23 Tottenham Lucas Moura
59%
40 2022– Aston Villa Diego Carlos
56%
32 1996–97 Middlesbrough Emerson
56%
46 2014–17 Arsenal Gabriel Paulista
56%
5 2004–05 Bolton Wanderers Julio César
56%
65 2020–22 Leeds United Raphinha
56%
1 2023–24 Nottingham Forest Andrey Santos
53%
15 2014–15 Chelsea Filipe Luís
53%
29 2024– Manchester City Savinho
53%
33 2024– Wolves André
50%
23 2011–12 Arsenal André Santos
50%
57 2023– Fulham Rodrigo Muniz
50%
73 2018–21 Everton Bernard
47%
45 2013–15 Tottenham Paulinho
47%
2 2015–16 Chelsea Alexandre Pato
44%
53 2020–21, 2022–24 Tottenham, Fulham Carlos Vinícius
44%
34 | 50 2022– Nottingham Forest Danilo
44%
31 2024– Bournemouth Evanilson
44%
110 2010–16 Tottenham, QPR, West Bromwich Albion Sandro
44%
42 2007–09 Middlesbrough Afonso Alves
41%
30 2020–22 Manchester United Alex Telles
41%
79 2000–05 Arsenal Edu
41%
62 2007–09 Manchester City Elano
41%
20 2003–05 Manchester United Kléberson
41%
61 2022–25 Bournemouth Neto
41%
24 2012–13 QPR Julio César
38%
96 2006–11 Arsenal Denilson
34%
87 2006–11 Liverpool Fábio Aurélio
34%
3 2024– Brentford Gustavo Nunes
34%
37 2023– Brighton Igor Julio
34%
1 2022–23 Arsenal Marquinhos
34%
36 2023–24 Sheffield United Vinicius Souza
34%
52 2020–22 Everton Allan
31%
79 2007–10 Manchester City, Hull City Geovanni
31%
1 2012–13 Chelsea Lucas Piazón
31%
2 2023–24 Chelsea Deivid Washington
28%
79 2021–24 Tottenham Emerson Royal
28%
55 2015–19, 2021–22 Chelsea, Watford, Newcastle United Kenedy
28%
31 2020–22 Wolves Marçal
28%
14 2023– Crystal Palace Matheus França
28%
65 1999–2001, 2009–10 Arsenal, Manchester City Sylvinho
28%
13 2022–23 Leicester City Tetê
28%
68 2005–08 Middlesbrough Fábio Rochemback
25%
7 2007–09 Tottenham Gilberto
25%
5 2022–23 Nottingham Forest Gustavo Scarpa
25%
54 2007–10 Chelsea Juliano Belletti
25%
36 2021–23 Southampton Lyanco
25%
1 2024– Manchester City Vitor Reis
25%
25 2019–22 Aston Villa Wesley
25%
24 2006–07 Arsenal Julio Baptista
22%
9 2012–13 Manchester City Maicon
22%
28 2022–23 Nottingham Forest Renan Lodi
22%
39 2018–21 Brighton Bernardo
19%
152 1997–2004 Sheffield Wednesday, Chelsea, Sunderland, Bolton Wanderers Emerson Thome
19%
23 2022–24 Nottingham Forest Felipe
19%
1 2021–22 Manchester City Kayky
19%
8 2014–15 West Ham Nenê
19%
3 2024– Wolves Pedro Lima
19%
32 2023–24 Burnley Vitinho
19%
4 2011–12 Liverpool Doni
16%
12 2024– West Ham Luis Guilherme
16%
1 2008–09 Chelsea Mineiro
16%
26 2024– Nottingham Forest Morato
16%
5 2003–04 Leeds United Roque Júnior
16%
4 2002–03 Everton Juliano Rodrigo
13%
9 1995–97 Middlesbrough Branco
9%
79 2002–06 Middlesbrough Doriva
9%
11 2016–17 Hull City Evandro
9%
1 2008–09 Manchester City Gláuber
9%
27 2012–14 Southampton Guly do Prado
9%
7 2018–19 Wolves Léo Bonatini
9%
10 2024–25 Southampton Welington
9%
11 2009–10 West Ham Ilan Araujo
6%
19 2021–22 Watford Samir
6%
17 2020–21 Wolves Willian José
6%
1 2011–12 QPR Bruno Perone
3%
25 2007–09 Newcastle United Caçapa
3%
6 2006–07 Watford Douglas Rinaldi
3%
5 1999–2000 Newcastle United Fumaca
3%
12 1995–97 Coventry City Isaías
3%
7 2003–04 Bolton Wanderers Mario Jardel
3%
15 2007–08 Birmingham City Rafael Schmitz
3%
No matching quizzes found
Score Distribution
Percent of People with Each Score
Percentile by Number Answered
Your Score History
You have not taken this quiz since the last reset